Principles of Electricity : (Record no. 184201)
[ view plain ]
| 000 -LEADER | |
|---|---|
| fixed length control field | 01123 a2200169 4500 |
| 003 - CONTROL NUMBER IDENTIFIER | |
| control field | NUST |
| 005 - DATE AND TIME OF LATEST TRANSACTION | |
| control field | 20221202141407.0 |
| 040 ## - CATALOGING SOURCE | |
| Transcribing agency | Nust |
| 082 ## - DEWEY DECIMAL CLASSIFICATION NUMBER | |
| Classification number | 537,MOR |
| 100 ## - MAIN ENTRY--PERSONAL NAME | |
| Personal name | Morley, Arthur |
| 9 (RLIN) | 39734 |
| 245 ## - TITLE STATEMENT | |
| Title | Principles of Electricity : |
| Statement of responsibility, etc. | Arthur Morley / |
| Remainder of title | based on the rationalizes M.K.S.system of units |
| 260 ## - PUBLICATION, DISTRIBUTION, ETC. | |
| Place of publication, distribution, etc. | London |
| Name of publisher, distributor, etc. | Longmans |
| Date of publication, distribution, etc. | 1960 |
| 300 ## - PHYSICAL DESCRIPTION | |
| Extent | 364 p.: |
| 505 ## - FORMATTED CONTENTS NOTE | |
| Formatted contents note | Fundamental of Mechanical Unit (Page-1), Electronic Current (Page-9), Electric Circuit (Page- 20), Electric Circuit continued (Page-34), Electromagnetism (Page-67), Electromagnetic Induction (Page-90), Magnetic Circuit (Page-103), Inductance in a D.C Circuit (Page-128), Electrostatics (Page-147), Alternating Voltage and Current (Page-175), Resistance and Inductance in An A.C Circuit (Page-190), Power in An A.C Circuit (Page-213), Capacitance in An A.C Circuit (Page-225), Armatures Winding of D C Machines (Page-246), Direct Current Generators (Page-266), Direct Current Motors (Page-280), Electrical Measurements (Page-302), Accumulators (Page-336). |
| 650 ## - SUBJECT ADDED ENTRY--TOPICAL TERM | |
| Topical term or geographic name entry element | Principles of Electricity |
| 9 (RLIN) | 104023 |
| 942 ## - ADDED ENTRY ELEMENTS (KOHA) | |
| Source of classification or shelving scheme | |
| Koha item type | Book |
| Call number prefix | 537,MOR |
| Withdrawn status | Lost status | Source of classification or shelving scheme | Damaged status | Not for loan | Permanent Location | Current Location | Shelving location | Date acquired | Full call number | Barcode | Date last seen | Price effective from | Koha item type | Public note |
|---|---|---|---|---|---|---|---|---|---|---|---|---|---|---|
| Military College of Signals (MCS) | Military College of Signals (MCS) | General Stacks | 12/12/2016 | 537,MOL | MCS26456 | 12/08/2016 | 12/12/2016 | Book | Almirah No.16, Shelf No.4 | |||||
| Military College of Signals (MCS) | Military College of Signals (MCS) | General Stacks | 12/12/2016 | 537,MOL | MCS6421 | 12/08/2016 | 12/12/2016 | Book | Almirah No.77, Shelf No.3 |
